Pediatric surgery. (Record no. 33417)

MARC details
000 -LEADER
fixed length control field 00441nam a2200169Ia 4500
020 ## - INTERNATIONAL STANDARD BOOK NUMBER
ISBN 0815165188
050 ## - CALL MARK
Classification number RD 137 .P42/
245 #0 - TITLE STATEMENT
Title Pediatric surgery.
250 ## - EDITION / VOLUME STATEMENT
Edition / Volume statement 5th ed.
260 ## - PUBLICATION, DISTRIBUTION, ETC. (IMPRINT)
Place of publication Philadelphia
260 ## - PUBLICATION, DISTRIBUTION, ETC. (IMPRINT)
Name of publisher Mosby/Elsevier,
260 ## - PUBLICATION, DISTRIBUTION, ETC. (IMPRINT)
Year of publication 1998
650 ## - SUBJECT ADDED ENTRY--TOPICAL TERM
Topical Term Children - Surgery Surgical Procedures, Operative Child Infant
942 ## - ADDED ENTRY ELEMENTS (KOHA)
Koha item type Books
Holdings
Withdrawn status Lost status Source of classification or shelving scheme Damaged status Not for loan Permanent Location Current Location Date acquired Accession Number Price effective from Koha item type
    Library of Congress Classification     NILE UNIVERSITY OF NIGERIA - MAIN LIBRARY NILE UNIVERSITY OF NIGERIA - MAIN LIBRARY 04/23/2025 0184556 04/23/2025 Books